Nedostatočná vážnosť vedy a výskumu pretrváva

Nepriaznivý stav vedeckovýskumnej základne (VVZ) na Slovensku. Údaje o počte pracovníkov vo vede a výskume. Absencia zákonných opatrení na podporu vedy a techniky pre podnikateľský výskum.

Saved in:
Bibliographic Details
Main Author: Komora, L.
Format: Book Chapter
Language:Slovak
Subjects:
Tags: Add Tag
No Tags, Be the first to tag this record!

MARC

LEADER 00000naa a2200000 4500
001 r026311
005 20230824090232.6
041 0 |a slo 
044 |a SK 
245 1 0 |a Nedostatočná vážnosť vedy a výskumu pretrváva  |c L. Komora 
520 |a Nepriaznivý stav vedeckovýskumnej základne (VVZ) na Slovensku. Údaje o počte pracovníkov vo vede a výskume. Absencia zákonných opatrení na podporu vedy a techniky pre podnikateľský výskum. 
610 2 0 |a Slovensko 
610 2 0 |a 1989-1997 
610 2 0 |a veda 
610 2 0 |a výskum 
610 2 0 |a základňa vedeckovýskumná 
610 2 0 |a pracovníci 
100 1 |a Komora, L.